[Event "8th Vellmar Chess Days"]
[Site "chess24.com"]
[Date "2016.07.29"]
[Round "2"]
[White "Mao, Yvonne"]
[Black "Wehr, Alexander"]
[Result "0-1"]
[Board "48"]
[WhiteElo "1733"]
[WhiteTeam "SK Gernsheim"]
[WhiteCountry "GER"]
[WhiteFideId "12942561"]
[WhiteEloChange "-5"]
[BlackElo "1911"]
[BlackTeam "SK Vellmar"]
[BlackCountry "GER"]
[BlackFideId "24628913"]
[BlackEloChange "5"]

1. e4 {[%clk 1:30:30]} g6 {[%clk 1:30:30]} 2. d4 {[%clk 1:30:30]} Bg7 {[%clk
1:30:30]} 3. Be3 {[%clk 1:30:30]} d6 {[%clk 1:30:30]} 4. Nc3 {[%clk 1:30:30]} Nd7
{[%clk 1:30:30]} 5. Qd2 {[%clk 1:30:30]} c6 {[%clk 1:30:30]} 6. a4 {[%clk
1:30:30]} a6 {[%clk 1:30:30]} 7. Nf3 {[%clk 1:30:30]} Ngf6 {[%clk 1:30:30]} 8. h3
{[%clk 1:30:30]} Qc7 {[%clk 1:30:30]} 9. Be2 {[%clk 1:30:30]} e5 {[%clk 1:30:30]}
10. O-O {[%clk 1:30:30]} O-O {[%clk 1:30:30]} 11. Bh6 {[%clk 1:30:30]} Re8 {[%clk
1:30:30]} 12. Bxg7 {[%clk 1:30:30]} Kxg7 {[%clk 1:30:30]} 13. Rfd1 {[%clk
1:30:30]} Nf8 {[%clk 1:30:30]} 14. dxe5 {[%clk 1:30:30]} dxe5 {[%clk 1:30:30]}
15. Qd6 {[%clk 1:30:30]} Qxd6 {[%clk 1:30:30]} 16. Rxd6 {[%clk 1:30:30]} Ne6
{[%clk 1:30:30]} 17. Rad1 {[%clk 1:30:30]} Nf4 {[%clk 1:30:30]} 18. Bc4 {[%clk
1:30:30]} Be6 {[%clk 1:30:30]} 19. Bxe6 {[%clk 1:30:30]} Nxe6 {[%clk 1:30:30]}
20. Nxe5 {[%clk 1:30:30]} Nc5 {[%clk 1:30:30]} 21. f4 {[%clk 1:30:30]} Re7 {[%clk
1:30:30]} 22. b4 {[%clk 1:30:30]} Ncxe4 {[%clk 1:30:30]} 23. Nxe4 {[%clk
1:30:30]} Nxe4 {[%clk 1:30:30]} 24. Rd7 {[%clk 1:30:30]} Rae8 {[%clk 1:30:30]}
25. Nc4 {[%clk 1:30:30]} Nc3 {[%clk 1:30:30]} 26. R1d3 {[%clk 1:30:30]} Ne2+
{[%clk 1:30:30]} 27. Kh2 {[%clk 1:30:30]} Nxf4 {[%clk 1:30:30]} 28. Rd2 {[%clk
1:30:30]} Nd5 {[%clk 1:30:30]} 29. Nd6 {[%clk 1:30:30]} Rxd7 {[%clk 1:30:30]} 30.
Nxe8+ {[%clk 1:30:30]} Kf8 {[%clk 1:30:30]} 31. c4 {[%clk 1:30:30]} Kxe8 {[%clk
1:30:30]} 32. cxd5 {[%clk 1:30:30]} Rxd5 {[%clk 1:30:30]} 33. Re2+ {[%clk
1:30:30]} Kd7 {[%clk 1:30:30]} 34. Re4 {[%clk 1:30:30]} a5 {[%clk 1:30:30]} 35.
bxa5 {[%clk 1:30:30]} Rxa5 {[%clk 1:30:30]} 36. Rf4 {[%clk 1:30:30]} Ke6 {[%clk
1:30:30]} 37. Rb4 {[%clk 1:30:30]} b5 {[%clk 1:30:30]} 38. axb5 {[%clk 1:30:30]}
Rxb5 {[%clk 1:30:30]} 39. Re4+ {[%clk 1:30:30]} Re5 {[%clk 1:30:30]} 40. Rc4
{[%clk 1:30:30]} Kd5 {[%clk 1:30:30]} 41. Rc1 {[%clk 1:30:30]} Re4 {[%clk
1:30:30]} 42. Kg3 {[%clk 1:30:30]} c5 {[%clk 1:30:30]} 43. Kf3 {[%clk 1:30:30]}
Re6 {[%clk 1:30:30]} 44. Rd1+ {[%clk 1:30:30]} Kc6 {[%clk 1:30:30]} 45. Rc1
{[%clk 1:30:30]} f6 {[%clk 1:30:30]} 46. g4 {[%clk 1:30:30]} Rd6 {[%clk 1:30:30]}
47. Ke4 {[%clk 1:30:30]} Re6+ {[%clk 1:30:30]} 48. Kd3 {[%clk 1:30:30]} Kd5
{[%clk 1:30:30]} 49. h4 {[%clk 1:30:30]} Ra6 {[%clk 1:30:30]} 50. h5 {[%clk
1:30:30]} Ra3+ {[%clk 1:30:30]} 51. Kd2 {[%clk 1:30:30]} Rg3 {[%clk 1:30:30]} 52.
hxg6 {[%clk 1:30:30]} hxg6 {[%clk 1:30:30]} 53. Rf1 {[%clk 1:30:30]} Ke5 {[%clk
1:30:30]} 54. Re1+ {[%clk 1:30:30]} Kf4 {[%clk 1:30:30]} 55. Rf1+ {[%clk
1:30:30]} Kg5 {[%clk 1:30:30]} 56. Rc1 {[%clk 1:30:30]} Rxg4 {[%clk 1:30:30]} 57.
Rxc5+ {[%clk 1:30:30]} f5 {[%clk 1:30:30]} 58. Ke3 {[%clk 1:30:30]} Ra4 {[%clk
1:30:30]} 59. Kf3 {[%clk 1:30:30]} Ra3+ {[%clk 1:30:30]} 60. Kg2 {[%clk 1:30:30]}
Kg4 {[%clk 1:30:30]} 61. Rc4+ {[%clk 1:30:30]} f4 {[%clk 1:30:30]} 62. Rc2 {[%clk
1:30:30]} g5 {[%clk 1:30:30]} 63. Kf2 {[%clk 1:30:30]} Rh3 {[%clk 1:30:30]} 64.
Rc5 {[%clk 1:30:30]} Rh2+ {[%clk 1:30:30]} 65. Kg1 {[%clk 1:30:30]} Ra2 {[%clk
1:30:30]} 66. Kf1 {[%clk 1:30:30]} Kh4 {[%clk 1:30:30]} 67. Rc4 {[%clk 1:30:30]}
Kg3 {[%clk 1:30:30]} 68. Rc5 {[%clk 1:30:30]} g4 {[%clk 1:30:30]} 69. Rc1 {[%clk
1:30:30]} f3 {[%clk 1:30:30]} 70. Kg1 {[%clk 1:30:30]} Re2 {[%clk 1:30:30]} 71.
Kh1 {[%clk 1:30:30]} Rh2+ {[%clk 1:30:30]} 72. Kg1 {[%clk 1:30:30]} f2+ {[%clk
1:30:30]} 0-1

[Event "8th Vellmar Chess Days"]
[Site "chess24.com"]
[Date "2016.07.29"]
[Round "2"]
[White "Cai, Zhuoran"]
[Black "Reichelt, Ole"]
[Result "1-0"]
[Board "49"]
[WhiteElo "1898"]
[WhiteTeam "Tian Jin"]
[WhiteCountry "CHN"]
[WhiteFideId "8608091"]
[WhiteEloChange "6"]
[BlackElo "1738"]
[BlackTeam "Hamelner SV"]
[BlackCountry "GER"]
[BlackFideId "12965073"]
[BlackEloChange "-6"]

1. d4 {[%clk 1:30:30]} e6 {[%clk 1:30:30]} 2. Nf3 {[%clk 1:30:30]} Nf6 {[%clk
1:30:30]} 3. c4 {[%clk 1:30:30]} d5 {[%clk 1:30:30]} 4. Nc3 {[%clk 1:30:30]} b6
{[%clk 1:30:30]} 5. Bg5 {[%clk 1:30:30]} Bb7 {[%clk 1:30:30]} 6. e3 {[%clk
1:30:30]} Bd6 {[%clk 1:30:30]} 7. Bd3 {[%clk 1:30:30]} Nbd7 {[%clk 1:30:30]} 8.
O-O {[%clk 1:30:30]} c5 {[%clk 1:30:30]} 9. e4 {[%clk 1:30:30]} cxd4 {[%clk
1:30:30]} 10. Nxd4 {[%clk 1:30:30]} dxc4 {[%clk 1:30:30]} 11. Bxc4 {[%clk
1:30:30]} a6 {[%clk 1:30:30]} 12. Nxe6 {[%clk 1:30:30]} Bxh2+ {[%clk 1:30:30]}
13. Kxh2 {[%clk 1:30:30]} fxe6 {[%clk 1:30:30]} 14. Bxe6 {[%clk 1:30:30]} Qc7+
{[%clk 1:30:30]} 15. Kg1 {[%clk 1:30:30]} Qe5 {[%clk 1:30:30]} 16. Bxd7+ {[%clk
1:30:30]} Nxd7 {[%clk 1:30:30]} 17. Bh4 {[%clk 1:30:30]} Nc5 {[%clk 1:30:30]} 18.
Bg3 {[%clk 1:30:30]} Qe6 {[%clk 1:30:30]} 19. Qd6 {[%clk 1:30:30]} Qxd6 {[%clk
1:30:30]} 20. Bxd6 {[%clk 1:30:30]} Nxe4 {[%clk 1:30:30]} 21. Nxe4 {[%clk
1:30:30]} Bxe4 {[%clk 1:30:30]} 22. Rfe1 {[%clk 1:30:30]} O-O-O {[%clk 1:30:30]}
23. Rac1+ {[%clk 1:30:30]} Kb7 {[%clk 1:30:30]} 24. Rc7+ {[%clk 1:30:30]} Ka8
{[%clk 1:30:30]} 25. Rxe4 {[%clk 1:30:30]} Rxd6 {[%clk 1:30:30]} 26. Ree7 {[%clk
1:30:30]} g6 {[%clk 1:30:30]} 27. Ra7+ {[%clk 1:30:30]} Kb8 {[%clk 1:30:30]} 28.
Reb7+ {[%clk 1:30:30]} Kc8 {[%clk 1:30:30]} 29. Rf7 {[%clk 1:30:30]} Kb8 {[%clk
1:30:30]} 30. Rxa6 {[%clk 1:30:30]} h5 {[%clk 1:30:30]} 31. a4 {[%clk 1:30:30]}
Rhd8 {[%clk 1:30:30]} 32. Kh2 {[%clk 1:30:30]} Re8 {[%clk 1:30:30]} 33. a5 {[%clk
1:30:30]} Ree6 {[%clk 1:30:30]} 34. axb6 {[%clk 1:30:30]} Rf6 {[%clk 1:30:30]}
35. Rxf6 {[%clk 1:30:30]} Rxf6 {[%clk 1:30:30]} 36. f3 {[%clk 1:30:30]} Kb7
{[%clk 1:30:30]} 37. Ra7+ {[%clk 1:30:30]} Kxb6 {[%clk 1:30:30]} 38. Rd7 {[%clk
1:30:30]} Kc6 {[%clk 1:30:30]} 39. Rd2 {[%clk 1:30:30]} g5 {[%clk 1:30:30]} 40.
Rd8 {[%clk 1:30:30]} Rf5 {[%clk 1:30:30]} 41. Rh8 {[%clk 1:30:30]} h4 {[%clk
1:30:30]} 42. Rd8 {[%clk 1:30:30]} Rb5 {[%clk 1:30:30]} 43. Rd2 {[%clk 1:30:30]}
Rb4 {[%clk 1:30:30]} 44. Kg1 {[%clk 1:30:30]} g4 {[%clk 1:30:30]} 45. fxg4 {[%clk
1:30:30]} Rxg4 {[%clk 1:30:30]} 46. Rd3 {[%clk 1:30:30]} Rf4 {[%clk 1:30:30]} 47.
b3 {[%clk 1:30:30]} Kc5 {[%clk 1:30:30]} 48. Rc3+ {[%clk 1:30:30]} Kb4 {[%clk
1:30:30]} 49. Rc4+ {[%clk 1:30:30]} Rxc4 {[%clk 1:30:30]} 50. bxc4 {[%clk
1:30:30]} Kxc4 {[%clk 1:30:30]} 51. Kh2 {[%clk 1:30:30]} Kd5 {[%clk 1:30:30]} 52.
Kh3 {[%clk 1:30:30]} Ke5 {[%clk 1:30:30]} 53. Kxh4 {[%clk 1:30:30]} Kf5 {[%clk
1:30:30]} 54. Kh5 {[%clk 1:30:30]} Kf6 {[%clk 1:30:30]} 55. g4 {[%clk 1:30:30]}
Kf7 {[%clk 1:30:30]} 56. Kh6 {[%clk 1:30:30]} Kg8 {[%clk 1:30:30]} 57. Kg6 {[%clk
1:30:30]} Kh8 {[%clk 1:30:30]} 58. Kf7 {[%clk 1:30:30]} Kh7 {[%clk 1:30:30]} 59.
Kf6 {[%clk 1:30:30]} Kh6 {[%clk 1:30:30]} 60. g5+ {[%clk 1:30:30]} Kh7 {[%clk
1:30:30]} 61. Kf7 {[%clk 1:30:30]} Kh8 {[%clk 1:30:30]} 62. Kg6 {[%clk 1:30:30]}
Kg8 {[%clk 1:30:30]} 63. Kh6 {[%clk 1:30:30]} 1-0

[Event "8th Vellmar Chess Days"]
[Site "chess24.com"]
[Date "2016.07.29"]
[Round "2"]
[White "Hofschlag, Dirk"]
[Black "Krosenbrink, Marcel"]
[Result "0-1"]
[Board "50"]
[WhiteElo "1736"]
[WhiteTeam "SK Bad Lippspringe"]
[WhiteCountry "GER"]
[WhiteFideId "12974609"]
[WhiteEloChange "-6"]
[BlackElo "1894"]
[BlackTeam "SF Stadtlohn"]
[BlackCountry "NED"]
[BlackFideId "1033271"]
[BlackEloChange "6"]

1. Nc3 {[%clk 1:30:30]} f5 {[%clk 1:30:30]} 2. d4 {[%clk 1:30:30]} Nf6 {[%clk
1:30:30]} 3. e3 {[%clk 1:30:30]} e6 {[%clk 1:30:30]} 4. Nce2 {[%clk 1:30:30]} Be7
{[%clk 1:30:30]} 5. Ng3 {[%clk 1:30:30]} d6 {[%clk 1:30:30]} 6. Nf3 {[%clk
1:30:30]} O-O {[%clk 1:30:30]} 7. c3 {[%clk 1:30:30]} Qe8 {[%clk 1:30:30]} 8. Bd3
{[%clk 1:30:30]} Kh8 {[%clk 1:30:30]} 9. Bc2 {[%clk 1:30:30]} Nc6 {[%clk
1:30:30]} 10. d5 {[%clk 1:30:30]} Nxd5 {[%clk 1:30:30]} 11. Nxf5 {[%clk 1:30:30]}
exf5 {[%clk 1:30:30]} 12. Qxd5 {[%clk 1:30:30]} Qg6 {[%clk 1:30:30]} 13. O-O
{[%clk 1:30:30]} Be6 {[%clk 1:30:30]} 14. Qd3 {[%clk 1:30:30]} Ne5 {[%clk
1:30:30]} 15. Qe2 {[%clk 1:30:30]} Bd5 {[%clk 1:30:30]} 16. Kh1 {[%clk 1:30:30]}
Nxf3 {[%clk 1:30:30]} 17. gxf3 {[%clk 1:30:30]} Qh5 {[%clk 1:30:30]} 18. e4
{[%clk 1:30:30]} fxe4 {[%clk 1:30:30]} 19. Bxe4 {[%clk 1:30:30]} Bxe4 {[%clk
1:30:30]} 20. Qxe4 {[%clk 1:30:30]} Qxf3+ {[%clk 1:30:30]} 21. Qxf3 {[%clk
1:30:30]} Rxf3 {[%clk 1:30:30]} 22. Be3 {[%clk 1:30:30]} Bf6 {[%clk 1:30:30]} 23.
Kg2 {[%clk 1:30:30]} Rf5 {[%clk 1:30:30]} 24. Rae1 {[%clk 1:30:30]} Kg8 {[%clk
1:30:30]} 25. Bd2 {[%clk 1:30:30]} Kf7 {[%clk 1:30:30]} 26. Re2 {[%clk 1:30:30]}
Re8 {[%clk 1:30:30]} 27. Rfe1 {[%clk 1:30:30]} Rxe2 {[%clk 1:30:30]} 28. Rxe2
{[%clk 1:30:30]} Ra5 {[%clk 1:30:30]} 29. a3 {[%clk 1:30:30]} Re5 {[%clk
1:30:30]} 30. Kf3 {[%clk 1:30:30]} Ke6 {[%clk 1:30:30]} 31. Be3 {[%clk 1:30:30]}
a6 {[%clk 1:30:30]} 32. c4 {[%clk 1:30:30]} Kf5 {[%clk 1:30:30]} 33. Rc2 {[%clk
1:30:30]} Re4 {[%clk 1:30:30]} 34. b3 {[%clk 1:30:30]} g5 {[%clk 1:30:30]} 35.
Bc1 {[%clk 1:30:30]} Rh4 {[%clk 1:30:30]} 36. b4 {[%clk 1:30:30]} Rxh2 {[%clk
1:30:30]} 37. b5 {[%clk 1:30:30]} a5 {[%clk 1:30:30]} 38. c5 {[%clk 1:30:30]} g4+
{[%clk 1:30:30]} 39. Ke2 {[%clk 1:30:30]} d5 {[%clk 1:30:30]} 40. c6 {[%clk
1:30:30]} b6 {[%clk 1:30:30]} 41. Kf1 {[%clk 1:30:30]} g3 {[%clk 1:30:30]} 42.
Rd2 {[%clk 1:30:30]} Rxf2+ {[%clk 1:30:30]} 43. Rxf2+ {[%clk 1:30:30]} gxf2
{[%clk 1:30:30]} 44. Be3 {[%clk 1:30:30]} d4 {[%clk 1:30:30]} 45. Bxf2 {[%clk
1:30:30]} Ke4 {[%clk 1:30:30]} 46. Ke2 {[%clk 1:30:30]} a4 {[%clk 1:30:30]} 47.
Bg3 {[%clk 1:30:30]} Be5 {[%clk 1:30:30]} 48. Bh4 {[%clk 1:30:30]} Kd5 {[%clk
1:30:30]} 49. Kd3 {[%clk 1:30:30]} Kc5 {[%clk 1:30:30]} 50. Ke4 {[%clk 1:30:30]}
Bd6 {[%clk 1:30:30]} 51. Kd3 {[%clk 1:30:30]} Kxb5 {[%clk 1:30:30]} 52. Kxd4
{[%clk 1:30:30]} Kxc6 {[%clk 1:30:30]} 0-1

[Event "8th Vellmar Chess Days"]
[Site "chess24.com"]
[Date "2016.07.29"]
[Round "2"]
[White "Flach, Helene"]
[Black "Kothe, Erik"]
[Result "1-0"]
[Board "51"]
[WhiteElo "1712"]
[WhiteTeam "SK Langen"]
[WhiteCountry "GER"]
[WhiteFideId "12929735"]
[WhiteEloChange "14"]
[BlackElo "1877"]
[BlackTeam "Landeck Schenklengsfeld"]
[BlackCountry "GER"]
[BlackFideId "24628573"]
[BlackEloChange "-14"]

1. e4 {[%clk 1:30:30]} c5 {[%clk 1:30:30]} 2. Nf3 {[%clk 1:30:30]} d6 {[%clk
1:30:30]} 3. Bb5+ {[%clk 1:30:30]} Nd7 {[%clk 1:30:30]} 4. O-O {[%clk 1:30:30]}
a6 {[%clk 1:30:30]} 5. Be2 {[%clk 1:30:30]} Ngf6 {[%clk 1:30:30]} 6. Nc3 {[%clk
1:30:30]} e6 {[%clk 1:30:30]} 7. d4 {[%clk 1:30:30]} cxd4 {[%clk 1:30:30]} 8.
Nxd4 {[%clk 1:30:30]} Be7 {[%clk 1:30:30]} 9. Kh1 {[%clk 1:30:30]} Nc5 {[%clk
1:30:30]} 10. f3 {[%clk 1:30:30]} Bd7 {[%clk 1:30:30]} 11. Be3 {[%clk 1:30:30]}
O-O {[%clk 1:30:30]} 12. Qd2 {[%clk 1:30:30]} Qc7 {[%clk 1:30:30]} 13. Rad1
{[%clk 1:30:30]} Rfc8 {[%clk 1:30:30]} 14. Bg1 {[%clk 1:30:30]} g6 {[%clk
1:30:30]} 15. Rfe1 {[%clk 1:30:30]} e5 {[%clk 1:30:30]} 16. Nb3 {[%clk 1:30:30]}
Ne6 {[%clk 1:30:30]} 17. Bf1 {[%clk 1:30:30]} b5 {[%clk 1:30:30]} 18. a3 {[%clk
1:30:30]} Nd8 {[%clk 1:30:30]} 19. Rc1 {[%clk 1:30:30]} Qb8 {[%clk 1:30:30]} 20.
Nd1 {[%clk 1:30:30]} Nc6 {[%clk 1:30:30]} 21. Ne3 {[%clk 1:30:30]} Rc7 {[%clk
1:30:30]} 22. Red1 {[%clk 1:30:30]} Rb7 {[%clk 1:30:30]} 23. Qe1 {[%clk 1:30:30]}
b4 {[%clk 1:30:30]} 24. a4 {[%clk 1:30:30]} a5 {[%clk 1:30:30]} 25. Bb5 {[%clk
1:30:30]} Nd8 {[%clk 1:30:30]} 26. Bxd7 {[%clk 1:30:30]} Rxd7 {[%clk 1:30:30]}
27. Nc4 {[%clk 1:30:30]} Nc6 {[%clk 1:30:30]} 28. Nb6 {[%clk 1:30:30]} Rc7 {[%clk
1:30:30]} 29. Nxa8 {[%clk 1:30:30]} Qxa8 {[%clk 1:30:30]} 30. c3 {[%clk 1:30:30]}
Nd7 {[%clk 1:30:30]} 31. Rd5 {[%clk 1:30:30]} Qa6 {[%clk 1:30:30]} 32. Rb5 {[%clk
1:30:30]} Nc5 {[%clk 1:30:30]} 33. Nxc5 {[%clk 1:30:30]} dxc5 {[%clk 1:30:30]}
34. Bxc5 {[%clk 1:30:30]} Bg5 {[%clk 1:30:30]} 35. Rc2 {[%clk 1:30:30]} Na7
{[%clk 1:30:30]} 36. Rb8+ {[%clk 1:30:30]} Kg7 {[%clk 1:30:30]} 37. cxb4 {[%clk
1:30:30]} axb4 {[%clk 1:30:30]} 38. Bf8+ {[%clk 1:30:30]} Kf6 {[%clk 1:30:30]}
39. Rxc7 {[%clk 1:30:30]} 1-0

[Event "8th Vellmar Chess Days"]
[Site "chess24.com"]
[Date "2016.07.29"]
[Round "2"]
[White "Helmer, Andreas"]
[Black "Beyer, Nils"]
[Result "1-0"]
[Board "52"]
[WhiteElo "1630"]
[WhiteTeam "Hamelner SV"]
[WhiteCountry "GER"]
[WhiteFideId "12956627"]
[WhiteEloChange "16"]
[BlackElo "1875"]
[BlackTeam "SVG Caissa Kassel"]
[BlackCountry "GER"]
[BlackFideId "12995355"]
[BlackEloChange "-16"]

1. d4 {[%clk 1:30:30]} Nf6 {[%clk 1:30:30]} 2. Nf3 {[%clk 1:30:30]} e6 {[%clk
1:30:30]} 3. e3 {[%clk 1:30:30]} c5 {[%clk 1:30:30]} 4. Bd3 {[%clk 1:30:30]} cxd4
{[%clk 1:30:30]} 5. exd4 {[%clk 1:30:30]} d5 {[%clk 1:30:30]} 6. Bg5 {[%clk
1:30:30]} Be7 {[%clk 1:30:30]} 7. Nbd2 {[%clk 1:30:30]} h6 {[%clk 1:30:30]} 8.
Bh4 {[%clk 1:30:30]} O-O {[%clk 1:30:30]} 9. O-O {[%clk 1:30:30]} Nc6 {[%clk
1:30:30]} 10. c3 {[%clk 1:30:30]} Bd7 {[%clk 1:30:30]} 11. Rc1 {[%clk 1:30:30]}
Rc8 {[%clk 1:30:30]} 12. Bb1 {[%clk 1:30:30]} Re8 {[%clk 1:30:30]} 13. Qc2 {[%clk
1:30:30]} b5 {[%clk 1:30:30]} 14. Qd3 {[%clk 1:30:30]} Qb6 {[%clk 1:30:30]} 15.
Ne5 {[%clk 1:30:30]} Rcd8 {[%clk 1:30:30]} 16. Ndf3 {[%clk 1:30:30]} Bc8 {[%clk
1:30:30]} 17. Ng4 {[%clk 1:30:30]} Ne4 {[%clk 1:30:30]} 18. Bxe7 {[%clk 1:30:30]}
Rxe7 {[%clk 1:30:30]} 19. Rfe1 {[%clk 1:30:30]} f6 {[%clk 1:30:30]} 20. Nh4
{[%clk 1:30:30]} e5 {[%clk 1:30:30]} 21. Ne3 {[%clk 1:30:30]} exd4 {[%clk
1:30:30]} 22. Nef5 {[%clk 1:30:30]} Bxf5 {[%clk 1:30:30]} 23. Nxf5 {[%clk
1:30:30]} Re5 {[%clk 1:30:30]} 24. Nxd4 {[%clk 1:30:30]} a6 {[%clk 1:30:30]} 25.
f3 {[%clk 1:30:30]} Ng5 {[%clk 1:30:30]} 26. Kf1 {[%clk 1:30:30]} Rde8 {[%clk
1:30:30]} 27. h4 {[%clk 1:30:30]} Nf7 {[%clk 1:30:30]} 28. Qh7+ {[%clk 1:30:30]}
Kf8 {[%clk 1:30:30]} 29. Rxe5 {[%clk 1:30:30]} Nfxe5 {[%clk 1:30:30]} 30. Nf5
{[%clk 1:30:30]} Qc7 {[%clk 1:30:30]} 31. Qh8+ {[%clk 1:30:30]} Kf7 {[%clk
1:30:30]} 32. Qxg7+ {[%clk 1:30:30]} Ke6 {[%clk 1:30:30]} 33. Qxc7 {[%clk
1:30:30]} Rd8 {[%clk 1:30:30]} 34. f4 {[%clk 1:30:30]} Rd7 {[%clk 1:30:30]} 35.
Qb6 {[%clk 1:30:30]} 1-0

[Event "8th Vellmar Chess Days"]
[Site "chess24.com"]
[Date "2016.07.29"]
[Round "2"]
[White "Pabst, Olaf"]
[Black "Guelsen, Taylan"]
[Result "0-1"]
[Board "53"]
[WhiteElo "1613"]
[WhiteTeam "SF Korbach"]
[WhiteCountry "GER"]
[WhiteFideId "24654833"]
[WhiteEloChange "-2"]
[BlackElo "2063"]
[BlackTeam "SG Niederkassel"]
[BlackCountry "GER"]
[BlackFideId "24603635"]
[BlackEloChange "2"]

1. Nc3 {[%clk 1:30:30]} d5 {[%clk 1:30:30]} 2. d4 {[%clk 1:30:30]} Nf6 {[%clk
1:30:30]} 3. Bf4 {[%clk 1:30:30]} e6 {[%clk 1:30:30]} 4. e3 {[%clk 1:30:30]} Bd6
{[%clk 1:30:30]} 5. Bg3 {[%clk 1:30:30]} O-O {[%clk 1:30:30]} 6. Nf3 {[%clk
1:30:30]} b6 {[%clk 1:30:30]} 7. Ne5 {[%clk 1:30:30]} Ne4 {[%clk 1:30:30]} 8. Bd3
{[%clk 1:30:30]} Bb4 {[%clk 1:30:30]} 9. Bxe4 {[%clk 1:30:30]} dxe4 {[%clk
1:30:30]} 10. O-O {[%clk 1:30:30]} Ba6 {[%clk 1:30:30]} 11. Re1 {[%clk 1:30:30]}
f6 {[%clk 1:30:30]} 12. Ng4 {[%clk 1:30:30]} h5 {[%clk 1:30:30]} 13. Nh6+ {[%clk
1:30:30]} gxh6 {[%clk 1:30:30]} 14. Qxh5 {[%clk 1:30:30]} Qe8 {[%clk 1:30:30]}
15. Qg4+ {[%clk 1:30:30]} Kh8 {[%clk 1:30:30]} 16. Nxe4 {[%clk 1:30:30]} Bxe1
{[%clk 1:30:30]} 17. Rxe1 {[%clk 1:30:30]} Nd7 {[%clk 1:30:30]} 18. Qh4 {[%clk
1:30:30]} Qg6 {[%clk 1:30:30]} 19. f3 {[%clk 1:30:30]} Bb7 {[%clk 1:30:30]} 20.
Nf2 {[%clk 1:30:30]} Kg7 {[%clk 1:30:30]} 21. Nh3 {[%clk 1:30:30]} Rae8 {[%clk
1:30:30]} 22. Nf4 {[%clk 1:30:30]} Qg5 {[%clk 1:30:30]} 23. Qh3 {[%clk 1:30:30]}
Kf7 {[%clk 1:30:30]} 24. Bh4 {[%clk 1:30:30]} Qf5 {[%clk 1:30:30]} 25. g4 {[%clk
1:30:30]} Qxc2 {[%clk 1:30:30]} 26. Bf2 {[%clk 1:30:30]} Rg8 {[%clk 1:30:30]} 27.
Qh5+ {[%clk 1:30:30]} Ke7 {[%clk 1:30:30]} 28. e4 {[%clk 1:30:30]} Kd8 {[%clk
1:30:30]} 29. Qf7 {[%clk 1:30:30]} e5 {[%clk 1:30:30]} 30. Ne6+ {[%clk 1:30:30]}
Rxe6 {[%clk 1:30:30]} 31. Qxe6 {[%clk 1:30:30]} Re8 {[%clk 1:30:30]} 32. Qf5
{[%clk 1:30:30]} Qxb2 {[%clk 1:30:30]} 33. d5 {[%clk 1:30:30]} Qxa2 {[%clk
1:30:30]} 34. d6 {[%clk 1:30:30]} cxd6 {[%clk 1:30:30]} 35. Qh5 {[%clk 1:30:30]}
d5 {[%clk 1:30:30]} 36. Qxh6 {[%clk 1:30:30]} d4 {[%clk 1:30:30]} 37. Qc1 {[%clk
1:30:30]} Nc5 {[%clk 1:30:30]} 38. Qh6 {[%clk 1:30:30]} Qe6 {[%clk 1:30:30]} 39.
Bh4 {[%clk 1:30:30]} Nd7 {[%clk 1:30:30]} 40. Rc1 {[%clk 1:30:30]} Bc6 {[%clk
1:30:30]} 41. Qd2 {[%clk 1:30:30]} Kc7 {[%clk 1:30:30]} 42. Bf2 {[%clk 1:30:30]}
Kb7 {[%clk 1:30:30]} 43. Ra1 {[%clk 1:30:30]} Nc5 {[%clk 1:30:30]} 44. Qb2 {[%clk
1:30:30]} Bxe4 {[%clk 1:30:30]} 0-1

[Event "8th Vellmar Chess Days"]
[Site "chess24.com"]
[Date "2016.07.29"]
[Round "2"]
[White "Poelig, Juergen"]
[Black "Ziegenfuss, Antonia"]
[Result "0-1"]
[Board "54"]
[WhiteElo "1874"]
[WhiteTeam "SV Caissa Wolfenbüttel"]
[WhiteCountry "GER"]
[WhiteFideId "24661686"]
[WhiteEloChange "-14"]
[BlackElo "1728"]
[BlackTeam "OSG Baden-Baden"]
[BlackCountry "GER"]
[BlackFideId "12962554"]
[BlackEloChange "14"]

1. Nf3 {[%clk 1:30:30]} Nf6 {[%clk 1:30:30]} 2. g3 {[%clk 1:30:30]} c5 {[%clk
1:30:30]} 3. Bg2 {[%clk 1:30:30]} Nc6 {[%clk 1:30:30]} 4. d3 {[%clk 1:30:30]} e5
{[%clk 1:30:30]} 5. e4 {[%clk 1:30:30]} Be7 {[%clk 1:30:30]} 6. O-O {[%clk
1:30:30]} O-O {[%clk 1:30:30]} 7. c3 {[%clk 1:30:30]} d6 {[%clk 1:30:30]} 8. h3
{[%clk 1:30:30]} h6 {[%clk 1:30:30]} 9. Be3 {[%clk 1:30:30]} Be6 {[%clk 1:30:30]}
10. Na3 {[%clk 1:30:30]} Rc8 {[%clk 1:30:30]} 11. Nc2 {[%clk 1:30:30]} Qd7 {[%clk
1:30:30]} 12. Kh2 {[%clk 1:30:30]} d5 {[%clk 1:30:30]} 13. Ng1 {[%clk 1:30:30]}
Rfd8 {[%clk 1:30:30]} 14. b3 {[%clk 1:30:30]} dxe4 {[%clk 1:30:30]} 15. dxe4
{[%clk 1:30:30]} Qd3 {[%clk 1:30:30]} 16. Qxd3 {[%clk 1:30:30]} Rxd3 {[%clk
1:30:30]} 17. Ne2 {[%clk 1:30:30]} Rcd8 {[%clk 1:30:30]} 18. f4 {[%clk 1:30:30]}
Bg4 {[%clk 1:30:30]} 19. Bxc5 {[%clk 1:30:30]} Bxc5 {[%clk 1:30:30]} 20. hxg4
{[%clk 1:30:30]} Rd2 {[%clk 1:30:30]} 21. fxe5 {[%clk 1:30:30]} Nxg4+ {[%clk
1:30:30]} 22. Kh3 {[%clk 1:30:30]} Rxc2 {[%clk 1:30:30]} 23. Kxg4 {[%clk
1:30:30]} Rxe2 {[%clk 1:30:30]} 24. Kf3 {[%clk 1:30:30]} Rdd2 {[%clk 1:30:30]}
25. Bh3 {[%clk 1:30:30]} Nxe5+ {[%clk 1:30:30]} 26. Kf4 {[%clk 1:30:30]} Nd3+
{[%clk 1:30:30]} 0-1